| 000 | 00606nam a2200229Ia 4500 | ||
|---|---|---|---|
| 003 | OSt | ||
| 005 | 20220924134555.0 | ||
| 006 | a|||||r|||| 00| 0 | ||
| 007 | ta | ||
| 008 | 220923b |||||||| |||| 00| 0 urd d | ||
| 024 | _a279344 | ||
| 037 | _cTextual | ||
| 040 |
_aARTS _cARTS _burd |
||
| 041 |
_2urd _aurd |
||
| 082 | _aO168,1:g(Y73:1), K8 | ||
| 100 |
_aHussain Sayed Aijaz _9208740 |
||
| 245 | 0 | _aUrdu shayari ka samaji pasmanzar | |
| 260 | _c1968 | ||
| 650 | _aURDU POETRY | ||
| 942 |
_hO168,1:g(Y73:1), K8 _cTEXL _2CC |
||
| 999 |
_c437870 _d437870 |
||